| 000 | 00459nam a2200169 a 4500 | ||
|---|---|---|---|
| 001 | 000029930 | ||
| 003 | DO-SdBNP | ||
| 005 | 20241206085813.0 | ||
| 008 | 110427s2000 dr r 000 0 spa d | ||
| 040 |
_aDO-SdBNP _bspa _cBNPHU |
||
| 082 |
_axxxx _bxxxx |
||
| 245 | 0 | 0 | _aMujeres de febrero. |
| 260 |
_aSanto Domingo :, _c2000. |
||
| 300 |
_a24 p. ; _c22 cm. |
||
| 710 | 1 |
_aRepública Dominicana. _bSecretaría de Estado de la Mujer _938238 |
|
| 942 |
_2ddc _cLBS1 |
||
| 999 |
_c29422 _d29422 |
||